000
00429nam a2200145Ia 4500
008
100204s9999 xx 000 0 und d
082
_b
13236
100
_a
रावजी आशू / कानडे दिनू
245
_a
सौदा
260
_b
"डॉल्फिन लायब्ररी, गोवा"
_c
1990
300
_a
244
630
_a
सौदा
730
_a
सौदा
942
_c
BOOK
999
_c
457668
_d
457665